000 00458nab a2200145Ia 4500
003 ES-SlBCS
005 20210601125015.0
008 140529s2008 xxu||||| |||| 00| 0 eng d
041 _aeng
100 1 _aLevine, Joseph
_9133126
245 0 0 _aSecondary Qualities: Where Consciousness and Intentionality Meet
_c Joseph Levine
650 0 4 _aCualidades Secundarias
_9151407
773 0 _tMonist, the
_gvol. 91, nº. 2, 2008, págs. 215-236
_wRev1667
942 _cAR
999 _c523195
_d523195